| 000 | 00911nam2a2200217 4500 | ||
|---|---|---|---|
| 001 | RU\NLR\PER_A\010868727_000050 | ||
| 005 | 20250626082848.0 | ||
| 010 | _a978-5-317-05621-6 | ||
| 035 | _a(NLR Aleph) 011516808 | ||
| 090 |
_a12075994 _c12075994 |
||
| 100 | _a20171107d2017 |||y0rusy50 ca | ||
| 101 | 0 | _arus | |
| 102 | _aRU | ||
| 200 | 0 | _aВып. 3 | |
| 210 |
_d2017 _aБ. м. |
||
| 461 | 0 |
_1001RU\NLR\Per\1161211 _12001#$aНаучно-методический ежегодник гимназии № 1514$fГБОУ гимназия № 1514 г. Москвы$vВып. 3 _910455708 _aГимназия (1514; Москва) _cМосква _d2014 - 2017 _fГБОУ гимназия № 1514 г. Москвы _nМАКС пресс _tНаучно-методический ежегодник гимназии № 1514 _vВып. 3 |
|
| 852 |
_aNLR _jП28/2687 |
||
| 942 | _cISSUE | ||
| 980 | _aNB | ||
| 980 | _aRUSPER | ||